000 00692nam a2200229 i 4500
001 60529
003 ES-MaACL
005 20250824201532.0
007 t|
008 031105s1985 sp ||||1| spa d
020 _a84-86168-12-0
100 1 _aEscolar Sobrino, Hipólito.
_947607
245 1 0 _aHistoria de las bibliotecas /
_cHipólito Escolar Sobrino.
260 _aMadrid :
_bFundación Sánchez Ruipérez,
_c1985.
300 _a566 p. :
_bil. ;
_c22 cm.
490 1 _aBiblioteca del libro
500 _aIndice.
650 0 4 _aBibliotecas-
_xHistoria
_910538
830 0 0 _aBiblioteca del libro
_9177916
852 _aES-MaACL
_jL-8550
_bR.108928
999 _c60529
_d60529